000 00297nam a22001337a 4500
008 180201b xxu||||| |||| 00| 0 eng d
020 _a9780072287950
041 _aeng
080 _a371
100 _a46
101 _aEDU
245 _aTeachers, Schools, Society
_cSadker, M.P
942 _2udc
_cBK
999 _c41453
_d41453